Name Every Hokage (Naruto) - Statistics

General Stats
  • This quiz has been taken 31 times
  • The average score is 7 of 8
Answer Stats
Hint Answer % Correct
7th Naruto
96%
2nd Tobirama
96%
5th Tsunade
96%
1st Hashirama
91%
3rd Hiruzen
91%
6th Kakashi
91%
4th Minato
91%
8th Shikamaru
83%
No matching quizzes found
Score Distribution
Percent of People with Each Score
Percentile by Number Answered
Your Score History
You have not taken this quiz